Tiếng Việt đại cương - ngữ âm
Gồm 5 phần chính: phần 1 trình bày những vấn đề đại cương tiếng Việt;phần 2 đề cập đến những vấn đề đại cương về ngữ âm và ngữ âm học; phần 3 nói đến những vấn đề đặc điểm, cấu trúc, phân loại của hệ thống âm tiết, âm tố...
Sparad:
| Huvudupphovsman: | |
|---|---|
| Materialtyp: | Bok |
| Språk: | Undetermined |
| Publicerad: |
H.
KHXH
2008
|
| Ämnen: | |
| Länkar: | http://lrc.tdmu.edu.vn/opac/search/detail.asp?aID=2&ID=7533 |
| Taggar: |
Lägg till en tagg
Inga taggar, Lägg till första taggen!
|
| Thư viện lưu trữ: | Trung tâm Học liệu Trường Đại học Thủ Dầu Một |
|---|
| LEADER | 01128nam a2200205Ia 4500 | ||
|---|---|---|---|
| 001 | TDMU_7533 | ||
| 008 | 210410s9999 xx 000 0 und d | ||
| 082 | |a 495.9221 | ||
| 090 | |b M103 | ||
| 100 | |a Mai, Thị Kiều Phượng | ||
| 245 | 0 | |a Tiếng Việt đại cương - ngữ âm | |
| 245 | 0 | |c Mai Thị Kiều Phượng | |
| 260 | |a H. | ||
| 260 | |b KHXH | ||
| 260 | |c 2008 | ||
| 300 | |a 326tr | ||
| 520 | |a Gồm 5 phần chính: phần 1 trình bày những vấn đề đại cương tiếng Việt;phần 2 đề cập đến những vấn đề đại cương về ngữ âm và ngữ âm học; phần 3 nói đến những vấn đề đặc điểm, cấu trúc, phân loại của hệ thống âm tiết, âm tố,âm vị và hệ thống các đơn vị siêu đoạn tính...; NV Ngữ âm tiếng Việt | ||
| 650 | |a Tiếng Việt; Ngữ âm | ||
| 856 | |u http://lrc.tdmu.edu.vn/opac/search/detail.asp?aID=2&ID=7533 | ||
| 980 | |a Trung tâm Học liệu Trường Đại học Thủ Dầu Một | ||